| 000 | 00683nam a22002297a 4500 | ||
|---|---|---|---|
| 003 | UA-OsUOA | ||
| 001 | 42470 | ||
| 007 | ta | ||
| 008 | 20061106b un ||||| |||| 00| 0 ukr d | ||
| 100 | _aСавина И.И. | ||
| 090 |
_a01(075) _bС13 |
||
| 942 | _cBK | ||
| 040 |
_aUA-OsUOA _brus _cUA-OsUOA _dUA-OsUOA |
||
| 245 |
_aБиблиографическое описание документа _bучеб.-метод.рекомендации |
||
| 300 | _a272 с. | ||
| 955 | _a2 | ||
| 041 | _arus | ||
| 080 | _a01(075) | ||
| 260 |
_aК. _bПрофессия _c2006 |
||
| 650 | 7 |
_a01 Бібліографія і бібліографії. Каталоги _2UDC |
|
| 999 |
_c328611 _d328611 |
||